|
|
|
|
| LEADER |
00573cam a2200169 7i4500 |
| 001 |
0000046586 |
| 005 |
20200123090000.0 |
| 090 |
0 |
0 |
|a PN5449.A785
|b B35 2005
|
| 100 |
1 |
|
|a Balgos, C. A
|
| 245 |
1 |
0 |
|a Across the border :
|b Southeast Asian chronicles.
|
| 260 |
|
|
|a Thailand:
|b Southeast Asian Press alliance,
|c 2005.
|
| 300 |
|
|
|a 232 p.
|
| 500 |
|
|
|a Gift: Zainol Ahmad Resource Center
|
| 650 |
0 |
0 |
|a Press --
|z Southeast Asia
|
| 650 |
0 |
0 |
|a Journalism --
|z Southeast Asia
|
| 650 |
0 |
0 |
|a Freedom of the press --
|z Southeast Asia
|
| 999 |
|
|
|a 0000068389
|b BOK
|c OPEN SHELF
|e 1st Floor, Bestari Jaya
|